00000000nam##2200000za#4500
0019.664957
003CaOODSP
00520210518103501
007ta
008150407|2002||||xxc|||||     f|0| 0 eng|d
040 |aCaOODSP|beng
041 |aeng
041 |afre
043 |an-cn---
0861 |aNF2-1/2002
1102 |aNational Film Board of Canada.
24510|aEmployment equity 2001-2002 annual report
260 |aOttawa - Ontario : |bNational Film Board of Canada |c2002.
300 |aEnglish text, 10, [8]p. : |btables ; |c28 cm.
563 |aRing binding
590 |a03-43|b2003-10-24
69007|aEmployment equity|2gcpds
69007|aFilm industry|2gcpds
792 |tÉquité en matière d'emploi, rapport annuel, 2001-2002 |efre|w(CaOODSP)9.664958